आधुनिक नारी : (Record no. 118542)
[ view plain ]
| 000 -LEADER | |
|---|---|
| fixed length control field | 01120nam a22002777a 4500 |
| 003 - CONTROL NUMBER IDENTIFIER | |
| control field | dpl |
| 005 - DATE AND TIME OF LATEST TRANSACTION | |
| control field | 20190423152043.0 |
| 008 - FIXED-LENGTH DATA ELEMENTS--GENERAL INFORMATION | |
| fixed length control field | 190423b ||||| |||| 00| 0 eng d |
| 010 ## - LIBRARY OF CONGRESS CONTROL NUMBER | |
| LC control number | B-071793, B-071797 |
| 020 ## - INTERNATIONAL STANDARD BOOK NUMBER | |
| Terms of availability | 150.00 |
| 035 ## - SYSTEM CONTROL NUMBER | |
| System control number | B-071793 |
| 037 ## - SOURCE OF ACQUISITION | |
| Source of stock number/acquisition | Cen Lib/Ret |
| 040 ## - CATALOGING SOURCE | |
| Original cataloging agency | DPL |
| Language of cataloging | HN |
| Transcribing agency | 0 |
| 082 ## - DEWEY DECIMAL CLASSIFICATION NUMBER | |
| Classification number | 305.4 |
| Item number | जैनसु |
| 100 ## - MAIN ENTRY--PERSONAL NAME | |
| Personal name | जैन, सुधा |
| 9 (RLIN) | 2233 |
| 245 ## - TITLE STATEMENT | |
| Title | आधुनिक नारी : |
| Statement of responsibility, etc | सुधा जैन |
| Remainder of title | दशा और दिशाएँ / |
| 246 ## - VARYING FORM OF TITLE | |
| Title proper/short title | Adhunik naari : dasha aur dishaen / |
| Remainder of title | by Sudha Jain |
| 260 ## - PUBLICATION, DISTRIBUTION, ETC. (IMPRINT) | |
| Place of publication, distribution, etc | दिल्ली |
| Name of publisher, distributor, etc | सूर्ये भारती प्रकाशन |
| Date of publication, distribution, etc | 2001 |
| 270 ## - ADDRESS | |
| City | दिल्ली |
| Postal code | 110006 |
| Address | 2596, नई सड़क |
| 300 ## - PHYSICAL DESCRIPTION | |
| Extent | 144पृ. |
| Dimensions | 20सेमी(सजिल्द) |
| 650 ## - SUBJECT ADDED ENTRY--TOPICAL TERM | |
| Topical term or geographic name as entry element | नारी की दशा -- आधुनिक समाज |
| 9 (RLIN) | 80772 |
| 650 ## - SUBJECT ADDED ENTRY--TOPICAL TERM | |
| Topical term or geographic name as entry element | नारी की समस्याएँ |
| 9 (RLIN) | 80773 |
| 650 ## - SUBJECT ADDED ENTRY--TOPICAL TERM | |
| Topical term or geographic name as entry element | Woman's condition - modern society |
| 9 (RLIN) | 80774 |
| 650 ## - SUBJECT ADDED ENTRY--TOPICAL TERM | |
| Topical term or geographic name as entry element | Women's Issues |
| 9 (RLIN) | 80775 |
| 942 ## - ADDED ENTRY ELEMENTS (KOHA) | |
| Source of classification or shelving scheme | Dewey Decimal Classification |
| Koha item type | Hindi Books |
| Classification part | 305.4 |
| Call number suffix | जैनसु |
| Withdrawn status | Lost status | Damaged status | Not for loan | Home library | Current library | Date acquired | Source of acquisition | Cost, normal purchase price | Total Checkouts | Full call number | Barcode | Date last seen | Copy number | Cost, replacement price | Price effective from | Koha item type | Source of classification or shelving scheme | Collection code |
|---|---|---|---|---|---|---|---|---|---|---|---|---|---|---|---|---|---|---|
| Central Library | Central Library | 11/09/2015 | Cen Lib/Ret | 150.00 | 305.4 जैनसु | B-071793 | 11/09/2015 | 1 | 150.00 | 11/09/2015 | Hindi Books | |||||||
| Shahdara Branch | Shahdara Branch | 23/04/2019 | BPPD/PUB | 150.00 | 305.4 जैनसु | B-071797 | 23/04/2019 | 150.00 | 23/04/2019 | Hindi Books | Dewey Decimal Classification | Non-fiction |
